Silent thunder : (Record no. 56587)
[ view plain ]
| 000 -LEADER | |
|---|---|
| fixed length control field | 00908nam a22002417a 4500 |
| 005 - DATE AND TIME OF LATEST TRANSACTION | |
| control field | 20110908145123.0 |
| 008 - FIXED-LENGTH DATA ELEMENTS--GENERAL INFORMATION | |
| fixed length control field | 110908t xxu||||| |||| 00| 0 eng d |
| 010 ## - LCCN (DPL NO) | |
| LC control number | ENG-103786 |
| 020 ## - INTERNATIONAL STANDARD BOOK NUMBER | |
| International Standard Book Number | 9788190632270 |
| Terms of availability | 50.00 |
| 035 ## - SYSTEM CONTROL NUMBER | |
| System control number | EN-87319 |
| 037 ## - SOURCE OF ACQUISITION | |
| Source of stock number/acquisition | DBAD/PUB |
| 040 ## - CATALOGING SOURCE | |
| Original cataloging agency | DPL |
| Language of cataloging | Eng |
| 082 ## - DEWEY DECIMAL CLASSIFICATION NUMBER | |
| Classification number | 181.41 |
| 100 1# - MAIN ENTRY--PERSONAL NAME | |
| Personal name | Krishna Murty, A. |
| 9 (RLIN) | 34669 |
| 245 14 - TITLE STATEMENT | |
| Title | Silent thunder : |
| Statement of responsibility, etc | by A.Krishna Murthy |
| Remainder of title | " self "a scientific perspective / |
| 260 ## - PUBLICATION, DISTRIBUTION, ETC. (IMPRINT) | |
| Place of publication, distribution, etc | Hyderabad |
| Name of publisher, distributor, etc | Institute Of Scientific Research on Vedas |
| Date of publication, distribution, etc | 2010 |
| 270 ## - ADDRESS | |
| Address | 11-13-279, Road No.8, Alakapuri, |
| City | Hyderabad |
| Postal code | 500035 |
| Telephone number | 040-24035013 |
| Electronic mail address | vedakavi@gmail.com |
| 300 ## - PHYSICAL DESCRIPTION | |
| Extent | xv,160p. |
| Dimensions | 22cm (pbk) |
| 650 #0 - SUBJECT ADDED ENTRY--TOPICAL TERM | |
| 9 (RLIN) | 34671 |
| 700 ## - ADDED ENTRY--PERSONAL NAME | |
| 9 (RLIN) | 34717 |
| 942 ## - ADDED ENTRY ELEMENTS (KOHA) | |
| Source of classification or shelving scheme | Dewey Decimal Classification |
| Item type | English Books |
| Call number suffix | KRI |
| Classification part | 181.41 |
| Withdrawn status | Lost status | Source of classification or shelving scheme | Damaged status | Not for loan | Collection code | Home library | Current library | Date acquired | Source of acquisition | Cost, normal purchase price | Total Checkouts | Full call number | Barcode | Date last seen | Copy number | Cost, replacement price | Koha item type |
|---|---|---|---|---|---|---|---|---|---|---|---|---|---|---|---|---|---|
| Dewey Decimal Classification | Non-fiction | D.B.Act.Division | D.B.Act.Division | 14/09/2011 | DBAD/PUB | 50.00 | 181.41 KRI | EN-87319 | 14/09/2011 | 1 | 50.00 | English Books |
